|
|
|
|
| LEADER |
00000cab a2200000 a 4500 |
| 001 |
vtls010588899 |
| 003 |
SK-MaSNL |
| 005 |
20260305002610.0 |
| 008 |
140506c2013 xo br p 000 a0slo |
| 015 |
|
|
|a SNBRB2014/04
|
| 038 |
|
|
|a SVKPOCL
|
| 040 |
|
|
|a SVKPOCL
|b slo
|c SVKPOCL
|d SVKPOCL
|e AACR2
|
| 041 |
0 |
|
|a slo
|
| 044 |
|
|
|a xo
|c SK
|
| 080 |
|
|
|a 80(=16)+908(4)
|2 2001
|
| 080 |
|
|
|a (048.8)
|2 2001
|
| 080 |
|
|
|a 81'1
|2 2001
|
| 080 |
|
|
|a 811.162.3
|2 2001
|
| 080 |
|
|
|a 811.162.4
|2 2001
|
| 080 |
|
|
|a 81'367.622
|2 2001
|
| 080 |
|
|
|a 81`373.423
|2 2001
|
| 100 |
1 |
|
|a Králik, Ľubor,
|d 1967-
|4 aut
|9 97587
|
| 245 |
1 |
0 |
|a Prečo je v slovenčine závet mužského rodu a v češtine závěť ženského rodu?
|c Ľuvor Králik
|
| 500 |
|
|
|a Časopis vychádza aj online na stránke http://www.juls.savba.sk/ediela/ks/
|
| 500 |
|
|
|a V rubrike Spytovali ste sa
|
| 650 |
0 |
7 |
|a lingvistika
|2 svkpocl
|9 860
|
| 650 |
0 |
7 |
|a slovenčina
|2 svkpocl
|9 1350
|
| 650 |
0 |
7 |
|a čeština
|2 svkpocl
|9 1319
|
| 650 |
0 |
7 |
|a podstatné mená
|2 svkpocl
|9 1323
|
| 650 |
0 |
7 |
|a slavistika
|2 svkpocl
|9 4282
|
| 650 |
0 |
7 |
|a mužský rod
|2 svkpocl
|9 75993
|
| 650 |
0 |
7 |
|a ženský rod
|2 svkpocl
|9 75992
|
| 650 |
0 |
7 |
|a hononymá
|2 svkpocl
|9 1578700
|
| 655 |
|
7 |
|a jazykové poradenstvo
|2 svkpocl
|9 1577995
|
| 655 |
|
7 |
|a články z novín a časopisov
|2 svkpocl
|9 267496
|
| 773 |
0 |
|
|t Kultúra slova
|g Roč. 47, č. 1 (2013), s. 49-51
|x 0023-5202
|
| 852 |
|
|
|a SVKPO
|b KIS3GCP
|
| 856 |
4 |
1 |
|a http://www.juls.savba.sk/ediela/ks/
|
| 958 |
|
|
|a SK
|
| 958 |
|
|
|a SS
|
| 999 |
|
|
|c 3226213
|d 3228143
|